000 00579cam a2200145 4500500
005 20260208002335.0
041 _afre
042 _adc
100 1 0 _aRostkowski, Joëlle
_eauthor
245 0 0 _aCirce Sturm, Blood Politics, Race, Culture and Identity in the Cherokee Nation of Oklahoma,, Berkeley, University of California Press, 2002, 249 p., index, bibl. cartes
260 _c2005.
500 _a44
786 0 _nL'Homme | 173 | 1 | 2005-01-01 | p. 199j-283j | 0439-4216
856 4 1 _uhttps://shs.cairn.info/revue-l-homme-2005-1-page-199j?lang=fr&redirect-ssocas=7080
999 _c1645922
_d1645922